00617nam a2200169 a 450000100100000000500170001000800410002704000250006810000240009324000490011724500740016626000740024030000280031450000340034270000380037670000330041400003630220200930075646.0120112s1968 mx a 000 0 spa d aDO-SdBNPbspacBNPHU1 aShoemaker, David P.10aExperiments in physical chemistrylEspañol10aExperimentos de fisicoquimica /cDavid P. Shoemaker, Carl W. Garland. aMéxico :bUnión tipográfica editorial Hispano Americana,c1968. a634 p. :bil. ;c22 cm. aTraducido del idioma inglés1 aMaría del Consuelo Hidalgoetr.1 aManuel Rodríguez Mataetr.